00477nam a22002057a 450000500170000001000110001702000100002803500110003803700160004904000120006508200110007710000180008824500460010626000370015227000330018930000200022265000160024265000100025870000030026820170124110106.0 a485465 c00.00 a485465 bCen Lib/Ret aDPLbEN aNbGRE aGreen, Gerald aTo brooklyn with love /cby Gerald Green  aNew York bTrident press c1967 bNew Yorka630, Fifth avenue  a305p.c18cm(Hb) aLiterature  aNovel